A large and particular relation of the affairs of Ireland : in a letter to a person of honour /

Bibliographic Details
Main Author: J. M.
Format: Book
Language:English
Series:Early English books, 1641-1700 ; 817:13.
Early English books, 1641-1700 ; 1289:19.
Subjects:

MARC

Tag First Indicator Second Indicator Subfields
LEADER 00000cam a2200000 a 4500
001 in00000953413
005 20150926130228.0
008 821124s1689 miu a 00010 eng d
019 |a 12083808 
035 |a (OCoLC)08988923 
035 |9 AET4362AM 
037 |a CL0037000025  |b University Microfilms International 
037 |a CL0037000043  |b University Microfilms International 
037 |b University Microfilms International, 300 N. Zeeb Rd., Ann Arbor, MI 48106 
040 |a UMI  |c UMI  |d m/c  |d UMI  |d OCL  |d UtOrBLW 
043 |a e-ie--- 
045 2 |b d1689  |b d1691 
049 |a TXAI 
090 |a DA945  |b .J45 
099 |a film   |a  B   |a  3609 
100 0 |a J. M. 
245 1 2 |a A large and particular relation of the affairs of Ireland :  |b in a letter to a person of honour /  |c from a gentleman at Chester who came from Dublin, June 26, and arrived here July 1, 1689. 
264 3 |a London :  |b Printed for Randal Taylor,  |c 1689. 
300 |a 1 sheet (2 pages). 
336 |a text  |b txt  |2 rdacontent 
337 |a microform  |b h  |2 rdamedia 
338 |a microfilm reel  |b hd  |2 rdacarrier 
500 |a Signed: J.M. 
500 |a This item appears at reels 817:13 and 1289:19. 
500 |a Reproduction of original in the Huntington Library. 
510 4 |a Wing  |c M37A. 
533 |a Microfilm.  |b Ann Arbor, Mich. :  |c University Microfilms International,  |d 1978 and 1982.  |e 1 microfilm reel ; 35 mm.  |f (Early English books, 1641-1700 ; 817:13 and 1289:19) 
500 |a Microform. 
651 0 |a Ireland  |x History  |y War of 1689-1691. 
651 0 |a Ireland  |x Politics and government  |y 17th century. 
655 7 |a Broadsides  |z England  |z Londong  |y 17th century 2 rbgenr. 
830 0 |a Early English books, 1641-1700 ;  |v 817:13. 
830 0 |a Early English books, 1641-1700 ;  |v 1289:19. 
999 |a MARS 
999 f f |s 71764f05-003a-374a-9c02-336013a7fc41  |i 4dc60cb1-1c15-3689-a6fd-5722ba55c729  |t 0 
952 f f |p default  |a Texas A&M University  |b College Station  |c Sterling C. Evans Library  |d Evans: Microforms (3rd floor)  |t 0  |e film B 3609 1289:19  |h Other scheme  |i microform -- microfilm reel 
952 f f |p default  |a Texas A&M University  |b College Station  |c Sterling C. Evans Library  |d Evans: Microforms (3rd floor)  |t 0  |e film B 3609 817:13  |h Other scheme  |i microform -- microfilm reel 
998 f f |a film B 3609 817:13  |t 0  |l Evans: Microforms (3rd floor) 
998 f f |a film B 3609 1289:19  |t 0  |l Evans: Microforms (3rd floor)